00595nam a2200169Ia 4500008004000000020001800040082001300058100002800071245007600099260003400175300001100209650004500220690001200265906001100277999001900288952011800307210210b1993 xxu||||| |||| 00| 0 eng d a81 224 0523 1 a530 GAMF aGAMBHIR (R S) & others. aFoundations of physics. V2 (Electromagnetics, optics & modern physics). aNDbWiley Eastern Ltd.c1993 aix,278 aElectromagnetics optics modern physics  aPhysics a052222 c100324d100324 001040708PhysicsaALbALcPhysicsd2021-02-17g85.00l0o530 GAMFp052222r2021-02-17 00:00:00w2021-02-17yBK